Central Library OPAC University of Rajshahi

ভারতের সাধক / (Record no. 77132)

MARC details
000 -LEADER
fixed length control field 00926nam a2200253 a 4500
001 - CONTROL NUMBER
control field 77132
003 - CONTROL NUMBER IDENTIFIER
rucl marc code BD-RjUL
005 - DATE AND TIME OF LATEST TRANSACTION
control field 20211209082929.0
008 - FIXED-LENGTH DATA ELEMENTS--GENERAL INFORMATION
fixed length control field 200226s1971 ii ||||| |||| 00| 0 ben d
020 ## - INTERNATIONAL STANDARD BOOK NUMBER
Terms of availability : IRs. 10.00 (V-7 )
035 ## - SYSTEM CONTROL NUMBER
System control number (BD-RjUL)77356
040 ## - CATALOGING SOURCE
Original cataloging agency BD-RjUL
Language of cataloging ben
Transcribing agency BD-RjUL
Modifying agency BD-RjUL
041 ## - LANGUAGE CODE
Language code of text/sound track or separate title ben
082 ## - DEWEY DECIMAL CLASSIFICATION NUMBER
Edition number 23
Classification number 294.5092254
Author mark and year ROB V-7 1971
100 1# - MAIN ENTRY--PERSONAL NAME
Personal name রায়, শঙ্কর নাথ
9 (RLIN) 239876
245 10 - TITLE STATEMENT
Title ভারতের সাধক /
Statement of responsibility, etc. শঙ্কর নাথ রায়
250 ## - EDITION STATEMENT
Edition statement নুতন সং
260 ## - PUBLICATION, DISTRIBUTION, ETC. (IMPRINT)
Place of publication, distribution, etc. কলিকাতা :
Name of publisher, distributor, etc. প্রাচী পাবলিকেশনস্,
Date of publication, distribution, etc. ১৯৭১
300 ## - PHYSICAL DESCRIPTION
Pagination খন্ড. ;
Size ২১ সেমি.
505 0# - FORMATTED CONTENTS NOTE
Formatted contents note খণ্ড ৭ ---
650 ## - SUBJECT ADDED ENTRY--TOPICAL TERM
Topical term or geographic name as entry element সাধক
Geographic subdivision ভারত
General subdivision সংগৃহীত জীবনী
9 (RLIN) 163843
Topical term or geographic name as entry element Saints
Geographic subdivision Indian
General subdivision Collected Biography
9 (RLIN) 163844
942 ## - ADDED ENTRY ELEMENTS (KOHA)
Source of classification or shelving scheme Dewey Decimal Classification
Koha item type Books
Holdings
Lost status Source of classification or shelving scheme Damaged status Not for loan Collection code Permanent Location Current Location Shelving location Date acquired Source of acquisition Total Checkouts Full call number Date last seen Copy number Koha item type
  Dewey Decimal Classification   Not For Loan Rare Books Central Library, University of Rajshahi Central Library, University of Rajshahi Rare Book Section 21/08/1973 Presented by Indian Govt.   BRA 294.5092254 ROB V-7 1971 26/02/2020 C-1 Rare Books